000 00640nam a2200217Ii 4500
003 JO-AjNU
008 230606s9999||||xx |||||||||||||| ||und||
020 _a0-85258-243-9
040 _aJO-AjNU
_beng
_erda
_cJO-AjNU
041 _aeng
050 1 4 _aHF5686.C7 1986
100 3 _aLee, Tom,
_eauthor
_93149
245 0 0 _aCompany Auditing
250 _a3 ed
264 3 1 _aWokingham: Van Nostrand Reinhold(UK) Co,1986
300 _a197p
_b Includes indexes(p193-197)
336 _atext
_btxt
_2rdacontent
337 _aunmediated
_bn
_2rdamedia
338 _avolume
_bnc
_2rdacarrier
650 4 _aCorporations-Great Britain-Auditing
_93150
999 _aE1650
_c1650
_d1650